000 00311nam a22001337a 4500
008 180118b xxu||||| |||| 00| 0 eng d
020 _a071136004958
041 _aeng
080 _a33
100 _a59
101 _aBUS
245 _aHOW TO START MANAGE YOUR OWN BUSINESS
_cGREENE.G.G
942 _2udc
_cBK
999 _c40502
_d40502